| 000 | 00363nam a2200133Ia 4500 | ||
|---|---|---|---|
| 005 | 20251222141933.0 | ||
| 008 | 251222s9999||||xx |||||||||||||| ||spa|| | ||
| 020 | _a958-20-0620-X | ||
| 082 | _a370.12/Z89 | ||
| 100 | _aZubiría Samper, Julión de | ||
| 245 | 0 | _aDe la Escuela Nueva al Constructivismo: | |
| 264 | _bCooperativa Editorial Magisterio | ||
| 942 | _cLIB | ||
| 999 |
_c9092 _d9092 |
||